Шекспир : (Record no. 290620)
[ view plain ]
| 000 -LEADER | |
|---|---|
| fixed length control field | 00862nam a2200217 u 4500 |
| 001 - CONTROL NUMBER | |
| control field | 000797815 |
| 003 - CONTROL NUMBER IDENTIFIER | |
| control field | AM-YeHGA |
| 005 - DATE AND TIME OF LATEST TRANSACTION | |
| control field | 20250618073913.0 |
| 008 - FIXED-LENGTH DATA ELEMENTS--GENERAL INFORMATION | |
| fixed length control field | 110323s1964 ru a r 000 1brus d |
| 040 ## - CATALOGING SOURCE | |
| Original cataloging agency | AM-YeHGA |
| 041 0# - LANGUAGE CODE | |
| Language code of text/sound track or separate title | rus |
| 090 ## - LOCALLY ASSIGNED LC-TYPE CALL NUMBER (OCLC); LOCAL CALL NUMBER (RLIN) | |
| -- | 292297 |
| 100 1# - MAIN ENTRY--PERSONAL NAME | |
| Personal name | Урнов, Михаил Васильевич |
| Dates associated with a name | 1909-1993 |
| 245 10 - TITLE STATEMENT | |
| Title | Шекспир : |
| Remainder of title | Его герой и его время / |
| Statement of responsibility, etc. | М.В. Урнов, Д.М. Урнов ; Отв.ред Н.И. Конрад. |
| 260 ## - PUBLICATION, DISTRIBUTION, ETC. | |
| Place of publication, distribution, etc. | Москва : |
| Name of publisher, distributor, etc. | Наука, |
| Date of publication, distribution, etc. | 1964. |
| 300 ## - PHYSICAL DESCRIPTION | |
| Extent | 207 с., [6] л. илл. : |
| Other physical details | рис. |
| 440 #0 - SERIES STATEMENT/ADDED ENTRY--TITLE | |
| Title | Научно-популярная серия |
| 600 14 - SUBJECT ADDED ENTRY--PERSONAL NAME | |
| Personal name | Շեքսպիր, Ուիլյամ, |
| Dates associated with a name | 1564-1616 |
| 9 (RLIN) | 4634 |
| 700 1# - ADDED ENTRY--PERSONAL NAME | |
| Personal name | Урнов, Дмитрий Михайлович |
| Dates associated with a name | 1936- |
| 700 1# - ADDED ENTRY--PERSONAL NAME | |
| Personal name | Конрад, Николай Иосифович |
| Relator term | ред. |
| Relationship | edt |
| Dates associated with a name | 1891-1970 |
| Withdrawn status | Lost status | Damaged status | Not for loan | Collection | Home library | Current library | Date acquired | Total checkouts | Full call number | Barcode | Date last seen | Price effective from | Koha item type | Public note |
|---|---|---|---|---|---|---|---|---|---|---|---|---|---|---|
| General | Fundamental Scientific Library | Fundamental Scientific Library | 29/12/2016 | PII/482102 | FL0279100 | 29/12/2016 | 29/12/2016 | Գրքեր / Books | 30 Days Loan |
ՀՀ Գիտությունների ազգային ակադեմիայի հիմնարար գիտական գրադարան = Fundamental Scientific Library of NAS RA
All site content, except where otherwise noted, is licensed under a